ABRACADABRA FLUTE:PIANO ACCOM PANIMENTS / (Record no. 11256)
[ view plain ]
| 000 -الفاتح | |
|---|---|
| حقل البيانات ثابتة الطول | 00483nam a2200193Ia 4500 |
| 005 - وقت وتاريخ اخر تعامل مع التسجيلة | |
| رقم الضبط | 20240530095836.0 |
| 008 - عناصر البيانات ثابتة الطول - معلومات عامة | |
| حقل البيانات ثابتة الطول | 140319s9999 xx 000 0 eng d |
| 040 ## - مصدر الفهرسة | |
| وكالة الفهرسة الأصلية | GCL / |
| وكالة النسخ | GCL |
| 082 04 - رقم تصنيف ديوى العشرى | |
| رقم التصنيف | 788.3 |
| رقم المادة | P A |
| 100 1# - المدخل الرئيسى - إسم شخصى | |
| الإسم الشخصى | PIANO.ACCOMPANIMENTS |
| 245 10 - بيان العنوان | |
| العنوان | ABRACADABRA FLUTE:PIANO ACCOM PANIMENTS / |
| بيان المسئوليه,etc | PIANO.ACCOMPANIMENTS |
| 300 ## - الوصف المادى | |
| التعداد | 110 |
| 650 04 - المدخل الاضافى بالموضوع-مصطلح موضوعى | |
| مصطلح موضوعي | POLLOCK, MALCALM |
| 700 1# - المدخل الاضافى - اسم شخصى | |
| الإسم الشخصى | FLUTES |
| 700 1# - المدخل الاضافى - اسم شخصى | |
| الإسم الشخصى | MUSIC |
| 942 ## - عناصر المدخل الإضافي( كوها) | |
| مصدر التصنيف او مخطط الترفيف | Dewey Decimal Classification |
| Koha [default] item type | كتاب |
| 260 ## - PUBLICATION, DISTRIBUTION, ETC. (IMPRINT) | |
| -- | [S.N] : |
| -- | ATCBIACK |
| حالة التراجع | حالة الفقد | حالة تلف | ليس للاعارة | المكان المؤقت | الموقع الحالى | تاريخ الاكتساب | اجمالي اﻻعارات | رقم الطلب | الباركود | تاريخ اخر مشاهدة | تاريخ تفعيل السعر | نوع وعاء كوها |
|---|---|---|---|---|---|---|---|---|---|---|---|---|
| مكتبة القاهرة الكبرى | مكتبة القاهرة الكبرى | 03/26/2014 | 788.3\P A | 22355 | 03/26/2014 | 03/26/2014 | كتاب |

